000 00598cam a2200253ua 4500
041 _amal
_h
082 _a634.61
_bVAR/TH
100 _aVarghese , K C .
245 _aThengu /
_cK C Varghese.
_hTextual Documents
250 _a1 /
_b.
260 _aThrissur :
_bKerala Agricultural University ,
_c1980.
300 _a55 ; .
504 _a
942 _cBK
999 _c10863
_d10863